[Event "22. OSREDNJA SLOVENSKA LIGA 2021"]
[Site "gostovanja"]
[Date "2021.09.16"]
[Round "1.1"]
[White "Perme, Martin"]
[Black "Lucovnik, Tilen"]
[Result "0-1"]
[WhiteElo "1679"]
[BlackElo "2097"]
[PlyCount "62"]
[EventDate "2021.09.17"]
[WhiteTeam "SK KOMENDA POGI"]
[BlackTeam "SK KOMENDA POPOTNIK"]

1. e4 c6 2. d4 d5 3. exd5 cxd5 4. Nf3 Nc6 5. Be3 Bg4 6. Nbd2 Nf6 7. c3 e6 8.
Qb3 Qc8 9. Bf4 Be7 10. Bd3 O-O 11. O-O Nh5 12. Bg3 Nxg3 13. hxg3 Bh5 14. Ne5
Qc7 15. f4 Nxe5 16. dxe5 Bc5+ 17. Kh2 f6 18. Rae1 Bg4 19. Nf3 Qf7 20. Nd4 g5
21. Qc2 Qh5+ 22. Kg1 gxf4 23. gxf4 Rf7 24. g3 Rc8 25. Qd2 {(=)} Rcf8 26. Rf2
Rg7 27. Rh2 Qf7 28. Kg2 fxe5 29. Rxe5 Bd6 30. Re1 e5 31. Ne2 exf4 0-1

[Event "22. OSREDNJA SLOVENSKA LIGA 2021"]
[Site "gostovanja"]
[Date "2021.09.16"]
[Round "1.2"]
[White "Gantar, Jan"]
[Black "Macek, Inti"]
[Result "1-0"]
[WhiteElo "2162"]
[BlackElo "1229"]
[PlyCount "53"]
[EventDate "2021.09.17"]
[WhiteTeam "SK KOMENDA POPOTNIK"]
[BlackTeam "SK KOMENDA POGI"]

1. e4 e5 2. Nf3 Nc6 3. Nc3 Nf6 4. h3 Be7 5. d4 d6 6. d5 Nb4 7. Be3 c6 8. a3 Na6
9. Bxa6 bxa6 10. dxc6 Qc7 11. O-O Qxc6 12. Re1 O-O 13. Bg5 h6 14. Bxf6 Bxf6 15.
Nd5 Bd8 16. Qd3 f5 17. Rad1 fxe4 18. Qxe4 Bb7 19. Re3 Kh8 20. c4 Bb6 21. Nh4 g5
22. Qg6 Qe8 23. Qxh6+ Kg8 24. Qxg5+ Kh7 25. Nxb6 axb6 26. Rxd6 Rg8 27. Qh6# 1-0

[Event "22. OSREDNJA SLOVENSKA LIGA 2021"]
[Site "gostovanja"]
[Date "2021.09.16"]
[Round "1.3"]
[White "Keber, Aljosa"]
[Black "Juhant, Igor"]
[Result "1/2-1/2"]
[WhiteElo "1062"]
[BlackElo "2009"]
[PlyCount "72"]
[EventDate "2021.09.17"]
[WhiteTeam "SK KOMENDA POGI"]
[BlackTeam "SK KOMENDA POPOTNIK"]

1. e4 c6 2. d4 d5 3. e5 Bf5 4. h4 h6 5. g4 Be4 6. f3 Bh7 7. e6 fxe6 8. Bd3 Qd6
9. f4 g6 10. g5 h5 11. Nf3 e5 12. Nxe5 Bg7 13. O-O Nd7 14. c3 Bxe5 15. fxe5 Qe6
16. Kh2 O-O-O 17. b4 Ngf6 18. exf6 exf6 19. Bf4 fxg5 20. Bxg5 Rdf8 21. Qe1 Qxe1
22. Rxe1 Nf6 23. Bxf6 Rxf6 24. Rf1 Re6 25. Nd2 g5 26. Bxh7 Re2+ 27. Kg3 Rxh7
28. Nf3 gxh4+ 29. Kxh4 Re3 30. Rac1 Rf7 31. Kg3 h4+ 32. Kg4 h3 33. Ng5 Rxf1 34.
Rxf1 Rxc3 35. Nf3 Rc4 36. Rb1 h2 1/2-1/2

[Event "22. OSREDNJA SLOVENSKA LIGA 2021"]
[Site "gostovanja"]
[Date "2021.09.16"]
[Round "1.4"]
[White "Zidar, Jernej"]
[Black "Perme, Stanko"]
[Result "1-0"]
[WhiteElo "1684"]
[BlackElo "1055"]
[PlyCount "51"]
[EventDate "2021.09.17"]
[WhiteTeam "SK KOMENDA POPOTNIK"]
[BlackTeam "SK KOMENDA POGI"]

1. d4 d5 2. Nf3 Nc6 3. g3 Bf5 4. Bg2 Qd7 5. O-O Nf6 6. b3 Nb4 7. Na3 e6 8. Ne5
Qd6 9. c3 Nc6 10. Nb5 Qe7 11. Ba3 Qd8 12. Bxf8 Rxf8 13. c4 Nb4 14. a3 Nc6 15.
Rc1 Nxe5 16. dxe5 Ng4 17. cxd5 exd5 18. Nxc7+ Ke7 19. Nxa8 Qxa8 20. Qxd5 Ke8
21. Rfd1 Qb8 22. Qb5+ Ke7 23. Qb4+ Ke8 24. Bc6+ Bd7 25. Bxd7+ Kd8 26. Qxf8# 1-0

[Event "22. OSREDNJA SLOVENSKA LIGA 2021"]
[Site "gostovanja"]
[Date "2021.09.16"]
[Round "1.1"]
[White "Srebrnic, Vojko"]
[Black "Skok, Boris"]
[Result "1-0"]
[WhiteElo "2186"]
[BlackElo "1889"]
[PlyCount "111"]
[EventDate "2021.09.17"]
[WhiteTeam "SK LJUBLJANA"]
[BlackTeam "SD CRNI GRABEN"]

1. d4 Nf6 2. Bf4 d5 3. e3 c5 4. c3 Nc6 5. Nd2 Qb6 6. Qb3 e6 7. Ngf3 c4 8. Qc2
Be7 9. b3 cxb3 10. axb3 Bd7 11. Be2 O-O 12. O-O Rfc8 13. Rfc1 h6 14. h3 Be8 15.
Qa2 Qd8 16. Ne5 Nxe5 17. Bxe5 Bd6 18. Bxd6 Qxd6 19. c4 Bc6 20. c5 Qf8 21. b4 a6
22. Qb2 Qe8 23. Ra5 Nd7 24. Rca1 Rab8 25. Qc3 Nf6 26. Bd3 Nd7 27. f4 f5 28. Nf3
Rc7 29. Qe1 Rbc8 30. Qh4 Nf6 31. Ne5 Bb5 32. Bxb5 axb5 33. Qe1 g5 34. Qf1 Rg7
35. R5a2 Kh7 36. Kh2 Qh5 37. g3 Rcg8 38. Qd1 Qe8 39. c6 bxc6 40. Ra7 gxf4 41.
exf4 Ne4 42. R1a3 Qb8 43. Rxg7+ Rxg7 44. Qh5 Qf8 45. Rb3 Qa8 46. Qe2 Qa4 47.
Qb2 Qa8 48. Ra3 Qe8 49. g4 fxg4 50. hxg4 Qf8 51. Rf3 Qe7 52. Rh3 Qf6 53. Qc1
Ra7 54. g5 Ra2+ 55. Kg1 Nxg5 56. Rh2 1-0

[Event "22. OSREDNJA SLOVENSKA LIGA 2021"]
[Site "gostovanja"]
[Date "2021.09.16"]
[Round "1.2"]
[White "Marincek, Bojan"]
[Black "Marinko, Peter"]
[Result "0-1"]
[WhiteElo "1702"]
[BlackElo "1825"]
[PlyCount "120"]
[EventDate "2021.09.17"]
[WhiteTeam "SD CRNI GRABEN"]
[BlackTeam "SK LJUBLJANA"]

1. e4 e5 2. f4 exf4 3. Nf3 Nf6 4. Nc3 d5 5. e5 Ne4 6. d4 Bb4 7. Bd2 c5 8. Bb5+
Nc6 9. a3 Bxc3 10. bxc3 O-O 11. O-O Qa5 12. Bxc6 bxc6 13. Qe1 Ba6 14. c4 Nxd2
15. Nxd2 cxd4 16. Rxf4 Qc5 17. Nb3 Qxc4 18. Nxd4 Qc5 19. Kh1 Rae8 20. Nf5 Re6
21. Nd4 Rg6 22. e6 Qe7 23. Nxc6 Qg5 24. Qf2 Rxe6 25. Nd4 Re4 26. Rxe4 dxe4 27.
Re1 Re8 28. Nf5 Rd8 29. h4 Qg4 30. Ne3 Qg6 31. Nf5 Qe6 32. Ng3 Bb7 33. h5 Qg4
34. Kg1 Rd1 35. Rxd1 Qxd1+ 36. Kh2 Qd8 37. Qxa7 Ba8 38. Qe3 Qh4+ 39. Kg1 h6 40.
c4 Bc6 41. Nf5 Qf6 42. Qc5 Kh7 43. Nd6 Bd7 44. Nxe4 Qf4 45. Qd4 Bc6 46. Nf6+
Qxf6 47. Qxf6 gxf6 48. Kf2 Kg7 49. g3 Kf8 50. Ke3 Ke7 51. Kf4 Bd7 52. Ke4 Kd6
53. Kd4 Bc6 54. c5+ Ke6 55. Kc4 Kf5 56. Kb4 Kg4 57. Ka5 Kxg3 58. Kb6 Ba4 59. c6
Bxc6 60. Kxc6 f5 0-1

[Event "22. OSREDNJA SLOVENSKA LIGA 2021"]
[Site "gostovanja"]
[Date "2021.09.16"]
[Round "1.3"]
[White "Sfiligoj, Anze"]
[Black "Jemec, Viktor"]
[Result "1-0"]
[WhiteElo "1728"]
[BlackElo "1606"]
[PlyCount "99"]
[EventDate "2021.09.17"]
[WhiteTeam "SK LJUBLJANA"]
[BlackTeam "SD CRNI GRABEN"]

1. e4 c5 2. Nf3 d6 3. d4 cxd4 4. Nxd4 a6 5. Be3 Nf6 6. f3 e6 7. Nc3 Be7 8. Qd2
Bd7 9. a4 Qa5 10. Be2 Nc6 11. Nb3 Qd8 12. O-O a5 13. Nd4 Nxd4 14. Qxd4 O-O 15.
Nb5 d5 16. e5 Ne8 17. c4 dxc4 18. Bxc4 Rc8 19. Qd3 Bc5 20. Bxc5 Rxc5 21. Qd4 b6
22. Rfd1 Qc8 23. Qxd7 Rxc4 24. Qxc8 Rxc8 25. Rac1 Rb8 26. Rc6 g6 27. Rdc1 Ng7
28. Nd6 h5 29. Rc8 h4 30. Rxb8 Rxb8 31. Rc8+ Rxc8 32. Nxc8 Ne8 33. Nxb6 Nc7 34.
Nc4 Na6 35. Nxa5 Kf8 36. Nc6 Ke8 37. b4 Kd7 38. b5 Kc7 39. bxa6 Kxc6 40. Kf2
Kb6 41. Ke3 g5 42. Kd4 Kxa6 43. Kc5 Ka5 44. Kd6 Kxa4 45. Ke7 Kb5 46. Kxf7 Kc6
47. Kxe6 Kc7 48. Ke7 Kc8 49. e6 Kc7 50. Kf7 1-0

[Event "22. OSREDNJA SLOVENSKA LIGA 2021"]
[Site "gostovanja"]
[Date "2021.09.16"]
[Round "1.4"]
[White "Krulej, Marko"]
[Black "Juvan, Vid"]
[Result "0-1"]
[WhiteElo "1631"]
[BlackElo "1000"]
[PlyCount "108"]
[EventDate "2021.09.17"]
[WhiteTeam "SD CRNI GRABEN"]
[BlackTeam "SK LJUBLJANA"]

1. e4 c6 2. d3 d5 3. Nc3 d4 4. Nce2 e5 5. Nf3 f6 6. g3 Bg4 7. Bg2 Nd7 8. O-O
Bd6 9. Kh1 Ne7 10. h3 Bh5 11. Nh2 Qc7 12. g4 Bf7 13. c3 O-O-O 14. Ng3 g6 15. a3
h5 16. g5 h4 17. Ne2 f5 18. c4 c5 19. Qa4 Nc6 20. Bd2 Be7 21. b4 Nb6 22. Qb3 f4
23. Nf3 Rh5 24. b5 Nb8 25. a4 Bxg5 26. a5 Na8 27. Rfb1 Qd6 28. Qd1 Nd7 29. Neg1
Be7 30. Nh2 Nc7 31. Bf3 Rh7 32. Bg4 Be6 33. f3 Bxg4 34. Nxg4 Ne8 35. Qb3 Nef6
36. Qd1 Nh5 37. Kg2 Ndf6 38. Qe1 Nxg4 39. fxg4 Ng7 40. Nf3 Ne6 41. Qf2 Rf8 42.
Rf1 Ng5 43. Qe2 Nf7 44. Be1 Qe6 45. Bf2 Nh6 46. Qe1 Nxg4 47. Nxd4 exd4 48. hxg4
Qxg4+ 49. Kh2 f3 50. Rg1 Bd6+ 51. e5 Qf4+ 52. Kh3 Bxe5 53. Qe4 Qh2+ 54. Kg4
Rf4+ 0-1

[Event "22. OSREDNJA SLOVENSKA LIGA 2021"]
[Site "gostovanja"]
[Date "2021.09.16"]
[Round "1.1"]
[White "Krumpak, Hinko"]
[Black "Butala, Marjan"]
[Result "1/2-1/2"]
[WhiteElo "1999"]
[BlackElo "1870"]
[PlyCount "51"]
[EventDate "2021.09.17"]
[WhiteTeam "SK TRZIN BUSCOTRADE"]
[BlackTeam "KPSRD KAREL JERAJ"]

1. b3 e5 2. Bb2 Nc6 3. e3 Nf6 4. c4 d6 5. Nc3 Bf5 6. d3 g6 7. Nf3 Bg7 8. Be2
O-O 9. a3 Re8 10. e4 Bg4 11. O-O Bxf3 12. Bxf3 Nd4 13. g3 Nxf3+ 14. Qxf3 c6 15.
Qg2 a5 16. b4 axb4 17. axb4 Rxa1 18. Rxa1 Qb6 19. Ra4 Bh6 20. Qf3 Nh5 21. Ne2
Bd2 22. Bc3 Bxc3 23. Nxc3 Qd4 24. Ra3 Kg7 25. Qe3 Qxe3 26. fxe3 1/2-1/2

[Event "22. OSREDNJA SLOVENSKA LIGA 2021"]
[Site "gostovanja"]
[Date "2021.09.16"]
[Round "1.2"]
[White "Mlacnik, Janez"]
[Black "Borstnik, Ales"]
[Result "1/2-1/2"]
[WhiteElo "1828"]
[BlackElo "1790"]
[PlyCount "68"]
[EventDate "2021.09.17"]
[WhiteTeam "KPSRD KAREL JERAJ"]
[BlackTeam "SK TRZIN BUSCOTRADE"]

1. d4 Nf6 2. Nf3 g6 3. Nbd2 Bg7 4. e4 d6 5. Bd3 O-O 6. O-O Nc6 7. c3 e5 8. d5
Ne7 9. Re1 Nd7 10. b4 f5 11. Bb2 Nf6 12. Qc2 Kh8 13. c4 f4 14. a4 h6 15. c5 g5
16. Rec1 Ng6 17. cxd6 cxd6 18. Qc7 g4 19. Qxd8 Rxd8 20. Ne1 Bd7 21. Rc7 Rab8
22. b5 Ne8 23. Rc2 Rdc8 24. Rac1 Rxc2 25. Rxc2 Rc8 26. Rxc8 Bxc8 27. Nc2 Bd7
28. Nc4 Bf8 29. Na5 Bc8 30. Na3 Be7 31. N3c4 Kg7 32. Ba3 Kf6 33. Nb3 Bd7 34.
Nba5 Bc8 1/2-1/2

[Event "22. OSREDNJA SLOVENSKA LIGA 2021"]
[Site "gostovanja"]
[Date "2021.09.16"]
[Round "1.3"]
[White "Konvalinka, Kostja"]
[Black "Kutin, Dusan"]
[Result "1/2-1/2"]
[WhiteElo "1707"]
[BlackElo "1824"]
[PlyCount "59"]
[EventDate "2021.09.17"]
[WhiteTeam "SK TRZIN BUSCOTRADE"]
[BlackTeam "KPSRD KAREL JERAJ"]

1. e4 e6 2. e5 d6 3. exd6 Bxd6 4. d4 a6 5. Nf3 h6 6. Bd3 b6 7. Nbd2 Bb7 8. O-O
Nf6 9. Qe2 O-O 10. Ne4 Nxe4 11. Bxe4 Bxe4 12. Qxe4 Ra7 13. c3 Nd7 14. Re1 Nf6
15. Qe2 c5 16. Be3 Qc7 17. dxc5 bxc5 18. h3 Nd5 19. c4 Nxe3 20. Qxe3 Rb7 21. b3
a5 22. Ne5 Rd8 23. Rad1 Rbb8 24. Qe4 Bxe5 25. Rxd8+ Rxd8 26. Qxe5 Qb6 27. Qe2
Qd6 28. Qe5 Qd2 29. Qe2 Qd4 30. Qe5 1/2-1/2

[Event "22. OSREDNJA SLOVENSKA LIGA 2021"]
[Site "gostovanja"]
[Date "2021.09.16"]
[Round "1.4"]
[White "Vertacnik, Viktor"]
[Black "Markic, Vladimir"]
[Result "1-0"]
[WhiteElo "1607"]
[BlackElo "1623"]
[PlyCount "69"]
[EventDate "2021.09.17"]
[WhiteTeam "KPSRD KAREL JERAJ"]
[BlackTeam "SK TRZIN BUSCOTRADE"]

1. e4 e5 2. Nf3 Nc6 3. Bc4 Be7 4. c3 d6 5. d3 Nf6 6. O-O Na5 7. Bb5+ Bd7 8.
Bxd7+ Qxd7 9. h3 Nc6 10. Nbd2 O-O 11. Nc4 Rad8 12. Re1 Rfe8 13. Bg5 h6 14. Bh4
Nh7 15. Bxe7 Nxe7 16. Ne3 f5 17. exf5 Nxf5 18. Nxf5 Qxf5 19. Qb3+ Qf7 20. Qxb7
Rb8 21. Qxa7 Rxb2 22. Reb1 Rxb1+ 23. Rxb1 e4 24. dxe4 Rxe4 25. Qa8+ Re8 26. Rb8
Rxb8 27. Qxb8+ Nf8 28. Qb3 d5 29. a4 c6 30. a5 Qf4 31. Qb4 Qc1+ 32. Kh2 Nd7 33.
a6 c5 34. Qb7 Qf4+ 35. Kh1 1-0

[Event "22. OSREDNJA SLOVENSKA LIGA 2021"]
[Site "gostovanja"]
[Date "2021.09.16"]
[Round "1.1"]
[White "Osolin, Bojan"]
[Black "Mihelic, Vesna"]
[Result "1/2-1/2"]
[WhiteElo "2094"]
[BlackElo "1882"]
[PlyCount "88"]
[EventDate "2021.09.17"]
[WhiteTeam "SD DOMZALE"]
[BlackTeam "SD MENGES-TRZIN"]

1. e4 e5 2. Nf3 Nc6 3. Bb5 g6 4. c3 a6 5. Ba4 d6 6. d4 b5 7. Bb3 Bg7 8. dxe5
dxe5 9. Qe2 Nf6 10. O-O O-O 11. a4 Bb7 12. Na3 Na5 13. Bc2 bxa4 14. Nc4 Nxc4
15. Qxc4 Nd7 16. Rd1 Qc8 17. Qxa4 Nb6 18. Qb4 Qe6 19. Bb3 Qc6 20. Re1 h6 21.
Ra5 Rfe8 22. c4 Bf8 23. Qc3 Qf6 24. c5 Nd7 25. Bd5 Bxd5 26. exd5 e4 27. Nd4 Bg7
28. Be3 Ne5 29. h3 Nd3 30. Rea1 Nf4 31. d6 cxd6 32. Qa3 dxc5 33. Rxc5 Nd3 34.
Rc6 Qd8 35. Rc4 Qd5 36. b3 f5 37. g3 f4 38. gxf4 Qf7 39. Qd6 Rad8 40. Qb6 Nxf4
41. Rxa6 Nxh3+ 42. Kf1 Nxf2 43. Qxg6 Ng4+ 44. Qxf7+ Kxf7 1/2-1/2

[Event "22. OSREDNJA SLOVENSKA LIGA 2021"]
[Site "gostovanja"]
[Date "2021.09.16"]
[Round "1.2"]
[White "Sedlar, Tomo"]
[Black "Skok, Joze"]
[Result "0-1"]
[WhiteElo "1860"]
[BlackElo "1961"]
[PlyCount "88"]
[EventDate "2021.09.17"]
[WhiteTeam "SD MENGES-TRZIN"]
[BlackTeam "SD DOMZALE"]

1. d4 Nf6 2. c4 g6 3. Nc3 d5 4. Bf4 Bg7 5. e3 O-O 6. Nf3 c5 7. Qb3 cxd4 8. Nxd4
Nc6 9. cxd5 Nxd4 10. exd4 e6 11. Bc4 exd5 12. Nxd5 Nxd5 13. Bxd5 Bxd4 14. O-O
Qf6 15. Bh6 Rd8 16. Rad1 Bg4 17. Rd2 Rd7 18. Be3 Be5 19. f3 Be6 20. Bxe6 Rxd2
21. Bxf7+ Qxf7 22. Qxf7+ Kxf7 23. Bxd2 Bxb2 24. Rb1 Bd4+ 25. Kf1 b6 26. Ke2 Ke6
27. Be3 Rd8 28. Bxd4 Rxd4 29. Rc1 Ra4 30. Rc2 Kd5 31. Kd2 b5 32. Rb2 a6 33. Kc2
Rc4+ 34. Kb1 b4 35. Re2 Rc7 36. Kb2 a5 37. Kb3 Rc3+ 38. Kb2 a4 39. Re7 a3+ 40.
Kb1 h5 41. Rg7 Rc6 42. Re7 Kc4 43. Re4+ Kc3 44. Re3+ Kd2 0-1

[Event "22. OSREDNJA SLOVENSKA LIGA 2021"]
[Site "gostovanja"]
[Date "2021.09.16"]
[Round "1.3"]
[White "Timagina, Sofia"]
[Black "Simicak, Metod"]
[Result "0-1"]
[WhiteElo "1472"]
[BlackElo "1677"]
[PlyCount "118"]
[EventDate "2021.09.17"]
[WhiteTeam "SD DOMZALE"]
[BlackTeam "SD MENGES-TRZIN"]

1. e4 e5 2. Nf3 Nf6 3. Nxe5 Qe7 4. Nf3 Qxe4+ 5. Be2 Bb4 6. O-O O-O 7. Nc3 Bxc3
8. dxc3 h6 9. Re1 d6 10. Bd3 Qg4 11. h3 Qh5 12. Bf4 Nc6 13. Bg3 Be6 14. Qd2
Bxh3 15. gxh3 Qxf3 16. Re3 Qh5 17. Be2 Qf5 18. Bd3 Qg5 19. Qe2 Rfe8 20. Rxe8+
Rxe8 21. Qf3 Qd5 22. Qd1 Qh5 23. Qf1 Ne5 24. Be2 Nf3+ 25. Kg2 Nh4+ 26. Bxh4
Qxh4 27. Bf3 c6 28. Kh1 d5 29. Qg2 Re5 30. Qh2 Rg5 31. Re1 Rf5 32. Re3 Qf4 33.
Qg2 Rg5 34. Qf1 Re5 35. Rd3 Ne4 36. Bxe4 Qxe4+ 37. Kh2 Qe2 38. Qg2 g6 39. Qg3
Kg7 40. Rf3 Rg5 41. Qf4 Qe5 42. Qxe5+ Rxe5 43. Kg3 f5 44. Rf4 Re4 45. Rf3 Kf6
46. b3 Ke5 47. Rd3 g5 48. Kf3 h5 49. a4 h4 50. b4 g4+ 51. hxg4 fxg4+ 52. Kg2 b6
53. Rd2 Kf4 54. Rd3 h3+ 55. Kh2 Re2 56. Kg1 Rxc2 57. Re3 h2+ 58. Kxh2 Rxf2+ 59.
Kg1 Kxe3 0-1

[Event "22. OSREDNJA SLOVENSKA LIGA 2021"]
[Site "gostovanja"]
[Date "2021.09.16"]
[Round "1.4"]
[White "Grasic, Marjan"]
[Black "Zmaucar, Miha"]
[Result "1-0"]
[WhiteElo "1700"]
[BlackElo "1372"]
[PlyCount "67"]
[EventDate "2021.09.17"]
[WhiteTeam "SD MENGES-TRZIN"]
[BlackTeam "SD DOMZALE"]

1. e4 c5 2. Nf3 d6 3. Bb5+ Nd7 4. O-O a6 5. Bxd7+ Bxd7 6. d4 cxd4 7. Qxd4 e5 8.
Qd3 Nf6 9. Nc3 Be7 10. Bg5 Bc6 11. Rfd1 Qd7 12. Rd2 Rd8 13. Rad1 h6 14. Bxf6
gxf6 15. Nh4 Qg4 16. Nf5 h5 17. f3 Qg5 18. Nd5 Bxd5 19. Qxd5 Rd7 20. Qc4 Rg8
21. Qc8+ Bd8 22. Qb8 d5 23. g3 d4 24. h4 Qf4 25. Kf2 Rxg3 26. Nxg3 f5 27. Rxd4
fxe4 28. Rxe4 Rd2+ 29. Rxd2 Qxd2+ 30. Re2 Qd4+ 31. Kg2 f6 32. c3 Qd3 33. Qxb7
Qh7 34. Qxh7 1-0

[Event "22. OSREDNJA SLOVENSKA LIGA 2021"]
[Site "gostovanja"]
[Date "2021.09.22"]
[Round "2.1"]
[White "Gantar, Jan"]
[Black "Mihelic, Vesna"]
[Result "1-0"]
[WhiteElo "2162"]
[BlackElo "1882"]
[PlyCount "115"]
[EventDate "2021.09.24"]
[WhiteTeam "SK KOMENDA POPOTNIK"]
[BlackTeam "SD MENGES - TRZIN"]

1. e4 e5 2. Nf3 Nc6 3. Bc4 Bc5 4. O-O Nf6 5. d3 d6 6. c3 Bb6 7. Bb3 h6 8. Nbd2
O-O 9. h3 Ne7 10. Re1 Ng6 11. Nc4 Re8 12. Bc2 c6 13. Nxb6 axb6 14. d4 Qc7 15.
c4 Bd7 16. Be3 c5 17. d5 b5 18. cxb5 Bxb5 19. a4 Bd7 20. Qd2 Qc8 21. Ra3 Kh7
22. Kh2 Nh5 23. Ng1 Nhf4 24. Rc1 f5 25. g3 fxe4 26. gxf4 exf4 27. Bxf4 Qd8 28.
Bxd6 Bxh3 29. Nxh3 Qxd6+ 30. Rg3 Rad8 31. Kh1 Nh4 32. Qf4 Qxf4 33. Nxf4 Nf5 34.
Rb3 Rd7 35. f3 Nd4 36. Re3 Nxc2 37. Rxc2 g5 38. Ne6 Rxd5 39. Rxe4 Rc8 40. b4 b6
41. Kg2 Kg6 42. bxc5 bxc5 43. Rec4 Kf5 44. Rxc5 Rcxc5 45. Nxc5 g4 46. fxg4+
Kxg4 47. a5 Rd8 48. a6 Ra8 49. Rf2 Ra7 50. Rf6 Kg5 51. Rb6 Kf5 52. Rb7 Ra8 53.
a7 Ke5 54. Rd7 h5 55. Kh3 h4 56. Na4 Ke6 57. Nb6 Rf8 58. Rd3 1-0

[Event "22. OSREDNJA SLOVENSKA LIGA 2021"]
[Site "gostovanja"]
[Date "2021.09.23"]
[Round "2.2"]
[White "Sedlar, Tomo"]
[Black "Debevec, Blaz"]
[Result "0-1"]
[WhiteElo "1860"]
[BlackElo "2118"]
[PlyCount "78"]
[EventDate "2021.09.24"]
[WhiteTeam "SD MENGES - TRZIN"]
[BlackTeam "SK KOMENDA POPOTNIK"]

1. d4 Nf6 2. c4 g6 3. Nc3 Bg7 4. Bf4 O-O 5. e3 c5 6. d5 d6 7. Bd3 e6 8. Nge2
exd5 9. cxd5 Nh5 10. O-O Nxf4 11. Nxf4 Nd7 12. Qc2 a6 13. a4 Ne5 14. Nfe2 Qh4
15. Ng3 Ng4 16. h3 Nxe3 17. fxe3 Qxg3 18. Rf3 Qe5 19. Raf1 Bd7 20. Qb3 Rab8 21.
Qb6 Qe7 22. Kh1 Be5 23. Ne4 f5 24. Ng3 Qd8 25. Qb3 b5 26. axb5 axb5 27. Qc2 Qa5
28. e4 c4 29. Be2 f4 30. Bd1 Qa1 31. Be2 Qa7 32. Bd1 Qd4 33. Be2 b4 34. Rd1 Qa7
35. Nf1 Ba4 36. Qxc4 Bxd1 37. Bxd1 Rfc8 38. Qb3 Rc1 39. Nd2 Qd4 0-1

[Event "22. OSREDNJA SLOVENSKA LIGA 2021"]
[Site "gostovanja"]
[Date "2021.09.23"]
[Round "2.3"]
[White "Zidar, Jernej"]
[Black "Simicak, Metod"]
[Result "0-1"]
[WhiteElo "1684"]
[BlackElo "1677"]
[PlyCount "118"]
[EventDate "2021.09.24"]
[WhiteTeam "SK KOMENDA POPOTNIK"]
[BlackTeam "SD MENGES - TRZIN"]

1. d4 d5 2. Nf3 Bg4 3. Ne5 Nf6 4. Nxg4 Nxg4 5. g3 e6 6. Bg2 h5 7. h3 Nf6 8. c4
Bb4+ 9. Bd2 c5 10. dxc5 Bxc5 11. O-O Nc6 12. cxd5 Nxd5 13. e4 Nb6 14. Bc3 e5
15. Nd2 Bd4 16. Rc1 Qd7 17. Nf3 Bxc3 18. Qxd7+ Nxd7 19. Rxc3 f6 20. Nh4 g5 21.
Nf5 O-O 22. Rd1 Nb6 23. Rcd3 Rad8 24. Ne7+ Kf7 25. Nxc6 Rxd3 26. Nxe5+ fxe5 27.
Rxd3 Rc8 28. Rc3 Rxc3 29. bxc3 Na4 30. c4 Ke6 31. h4 gxh4 32. gxh4 Nc3 33. a3
Ne2+ 34. Kf1 Nf4 35. Bf3 Kd6 36. Bd1 Kc5 37. Bb3 Kd4 38. f3 Ng6 39. Kg2 Nxh4+
40. Kg3 Ng6 41. Ba2 b6 42. Bb3 Ke3 43. Bd1 Nf4 44. a4 a5 45. Kh4 Kd2 46. Bb3
Ke2 47. Kg3 h4+ 48. Kxh4 Kxf3 49. Bc2 Ne6 50. Kh5 Kf4 51. Kg6 Nc5 52. Kf6 Nxe4+
53. Ke6 Nc3 54. Kd6 e4 55. Bxe4 Kxe4 56. c5 b5 57. axb5 Nxb5+ 58. Kc6 Nd4+ 59.
Kb6 a4 0-1

[Event "22. OSREDNJA SLOVENSKA LIGA 2021"]
[Site "gostovanja"]
[Date "2021.09.23"]
[Round "2.1"]
[White "Butala, Marjan"]
[Black "Plaskan, Jure"]
[Result "1/2-1/2"]
[WhiteElo "1870"]
[BlackElo "2186"]
[PlyCount "75"]
[EventDate "2021.09.24"]
[WhiteTeam "KPSRD KAREL JERAJ"]
[BlackTeam "SD DOMZALE"]

1. d4 Nf6 2. c4 g6 3. Nc3 Bg7 4. e4 d6 5. Be3 O-O 6. f3 c5 7. d5 e6 8. Qd2 exd5
9. cxd5 a6 10. a4 Nbd7 11. Nh3 Ne5 12. Nf2 Rb8 13. Be2 Qe8 14. a5 Bd7 15. O-O
Bb5 16. Nxb5 axb5 17. b3 b4 18. Rfe1 Ra8 19. Bh6 Qd8 20. Bxg7 Kxg7 21. f4 Ned7
22. Bf3 Rxa5 23. Rxa5 Qxa5 24. e5 Ng8 25. e6 Ndf6 26. g4 Ne7 27. exf7 Rxf7 28.
g5 Nfg8 29. Bg4 Nf5 30. Bxf5 Rxf5 31. Qb2+ Kf8 32. Ne4 Qd8 33. Qd2 Ne7 34. Nf6
h6 35. h4 hxg5 36. hxg5 Ng8 37. Nxg8 Kxg8 38. Re6 1/2-1/2

[Event "22. OSREDNJA SLOVENSKA LIGA 2021"]
[Site "gostovanja"]
[Date "2021.09.23"]
[Round "2.2"]
[White "Skok, Joze"]
[Black "Mlacnik, Janez"]
[Result "1-0"]
[WhiteElo "1961"]
[BlackElo "1828"]
[PlyCount "115"]
[EventDate "2021.09.24"]
[WhiteTeam "SD DOMZALE"]
[BlackTeam "KPSRD KAREL JERAJ"]

1. e4 d6 2. d4 Nf6 3. Nc3 c6 4. a4 Qa5 5. Bd3 e5 6. Nge2 Nbd7 7. O-O Be7 8. Bd2
Qc7 9. h3 Nf8 10. a5 Ne6 11. Be3 O-O 12. f4 exd4 13. Nxd4 Nc5 14. Qf3 Nxd3 15.
cxd3 Be6 16. f5 Bd7 17. g4 h6 18. h4 Nh7 19. Qg3 f6 20. Nf3 b6 21. a6 Rae8 22.
Kh1 Bc8 23. Rg1 Qd8 24. d4 d5 25. g5 fxg5 26. hxg5 Nxg5 27. Nxg5 Bxg5 28. Bxg5
hxg5 29. Qxg5 Qxg5 30. Rxg5 dxe4 31. Rag1 Re7 32. Rf1 Rf6 33. d5 cxd5 34. Nxd5
Rh6+ 35. Kg1 Rf7 36. f6 Bxa6 37. Rf4 Bb7 38. Ne7+ Kh7 39. fxg7 Rxg7 40. Rxg7+
Kxg7 41. Nf5+ Kg6 42. Nxh6 Kxh6 43. Rf7 Bd5 44. Rxa7 Bc4 45. Re7 Bd3 46. Re6+
Kg5 47. Rxb6 Kf5 48. Kf2 Ke5 49. Ke3 Kd5 50. Rb8 Kc5 51. b4+ Kd5 52. b5 Kc5 53.
b6 Kc6 54. Kd4 Ba6 55. Kxe4 Bb7 56. Ke5 Kxb6 57. Kd6 Ka7 58. Kc7 1-0

[Event "22. OSREDNJA SLOVENSKA LIGA 2021"]
[Site "gostovanja"]
[Date "2021.09.23"]
[Round "2.3"]
[White "Kutin, Dusan"]
[Black "Faganel, Kaja"]
[Result "1/2-1/2"]
[WhiteElo "1824"]
[BlackElo "1481"]
[PlyCount "96"]
[EventDate "2021.09.24"]
[WhiteTeam "KPSRD KAREL JERAJ"]
[BlackTeam "SD DOMZALE"]

1. e4 c5 2. Nf3 Nc6 3. c3 d5 4. exd5 Qxd5 5. Na3 Bg4 6. Be2 e6 7. O-O Nf6 8. h3
Bh5 9. c4 Qd7 10. d3 Be7 11. Bf4 O-O 12. Qd2 Rfd8 13. Rfd1 Bg6 14. Nb5 a6 15.
Nc3 Nd4 16. Ne5 Qc8 17. Nxg6 hxg6 18. Bf1 Bd6 19. Bxd6 Rxd6 20. Ne2 Qc7 21.
Nxd4 Rxd4 22. Qe3 Rad8 23. b3 Nd7 24. g3 Ne5 25. f4 Nc6 26. a3 Ne7 27. Bg2 Nf5
28. Qf3 R4d7 29. Rab1 Nd4 30. Qf2 e5 31. Bd5 exf4 32. gxf4 Qxf4 33. Rf1 Qxf2+
34. Rxf2 Re7 35. b4 b6 36. bxc5 bxc5 37. Rb6 a5 38. a4 Rdd7 39. Kg2 Nf5 40. Be4
Ne3+ 41. Kf3 Nf5 42. Rfb2 Nd4+ 43. Kf2 f5 44. Bd5+ Kh7 45. Rb8 g5 46. Rc8 Rc7
47. Ra8 Ra7 48. Rc8 Rac7 1/2-1/2

[Event "22. OSREDNJA SLOVENSKA LIGA 2021"]
[Site "gostovanja"]
[Date "2021.09.23"]
[Round "2.4"]
[White "Zmaucar, Miha"]
[Black "Vertacnik, Viktor"]
[Result "1-0"]
[WhiteElo "1372"]
[BlackElo "1607"]
[PlyCount "45"]
[EventDate "2021.09.24"]
[WhiteTeam "SD DOMZALE"]
[BlackTeam "KPSRD KAREL JERAJ"]

1. d4 d5 2. c4 e6 3. Nf3 Nf6 4. g3 b6 5. Bg2 Bb7 6. O-O Be7 7. Ne5 Nbd7 8. f4
O-O 9. Nc3 c6 10. e4 dxc4 11. Nxc4 b5 12. Ne3 a6 13. f5 c5 14. d5 exd5 15.
Ncxd5 Nxd5 16. Nxd5 Bg5 17. Qg4 Bxc1 18. Raxc1 Nf6 19. Nxf6+ Qxf6 20. e5 Qb6
21. f6 c4+ 22. Rf2 g6 23. Qg5 1-0

[Event "22. OSREDNJA SLOVENSKA LIGA 2021"]
[Site "gostovanja"]
[Date "2021.09.23"]
[Round "2.1"]
[White "Hribar, Janez"]
[Black "Krumpak, Hinko"]
[Result "0-1"]
[WhiteElo "1946"]
[BlackElo "1999"]
[PlyCount "80"]
[EventDate "2021.09.24"]
[WhiteTeam "SD CRNI GRABEN"]
[BlackTeam "SK TRZIN BUSCOTRADE"]

1. c4 e5 2. Nc3 f5 3. g3 Nf6 4. Bg2 g6 5. d3 Bg7 6. e4 fxe4 7. dxe4 d6 8. Nge2
Nc6 9. Rb1 a5 10. O-O O-O 11. h3 Be6 12. Nd5 Nb4 13. a3 Na6 14. b4 axb4 15.
axb4 c6 16. Ne3 Qd7 17. Kh2 Nc7 18. Qd3 d5 19. cxd5 cxd5 20. f3 dxe4 21. Qxd7
Bxd7 22. fxe4 Bb5 23. Rb2 Rfd8 24. Rf2 Bd3 25. Nc3 Rd4 26. Ned5 Nfxd5 27. exd5
Rc4 28. Rb3 e4 29. Bd2 Bxc3 30. Bxc3 Nxd5 31. Be1 Ra1 32. Bd2 Rd4 33. Bh6 Ra8
34. Ra3 Re8 35. Rd2 Nxb4 36. Be3 Rc4 37. Ra7 Rc7 38. Ra4 Nc2 39. Bb6 Rc6 40.
Bg1 Ra6 0-1